000 00357nam a2200145Ia 4500
008 090124s9999 xx 000 0 und d
082 _b302682
245 _a गुणवंती
250 _a1
260 _bदातार उषा
_c1993
300 _a128
630 _a गुणवंती
730 _a गुणवंती
942 _cBOOK
999 _c192319
_d192319